| 000 | 00500cam a22001814a 4500 | ||
|---|---|---|---|
| 020 | _a0803128495 (pbk.) | ||
| 040 | _cDLC | ||
| 082 | 0 | 0 | _a363 AST 2002 A073 Or. |
| 245 | 0 | 0 | _aASTM standards on indoor air quality / |
| 250 | _a2nd ed. | ||
| 260 |
_aWest Conshohocken, PA : _bASTM, _c2002. |
||
| 300 |
_avi, 365 p. : _bill. ; _c28 cm. |
||
| 500 | _a"ASTM stock number: IAQ02." | ||
| 650 | 0 | _aIndoor air pollution | |
| 650 | 0 | _aAir quality management | |
| 710 | 2 | _aASTM International. | |
| 942 | _cEK | ||
| 999 |
_c15096 _d15096 |
||